000 00276nam a22001217a 4500
008 180122b xxu||||| |||| 00| 0 eng d
041 _aeng
080 _a030
100 _a24
101 _aENC
245 _aBRITANICA BOOK OF THE YEAR 1968
_cWILLIAM.B
942 _2udc
_cBK
999 _c40689
_d40689